| 000 | 00355nam a2200133Ia 4500 | ||
|---|---|---|---|
| 008 | 150202s9999 xx 000 0 und d | ||
| 020 | _a140075968 | ||
| 050 |
_aFIC _bFIC |
||
| 100 | _aBoyd, William. | ||
| 245 |
_aStars and bars / _cWilliam Boyd. |
||
| 260 |
_aNew Zealand _bPenguin Books, _c1984. |
||
| 300 |
_a346 pages : _c18 cm. |
||
| 650 | _aFiction. | ||
| 999 |
_c281868 _d281868 |
||